Normal view
MARC view
Entry Personal Name
001 - CONTROL NUMBER
- control field: 1238670
003 - CONTROL NUMBER IDENTIFIER
- control field: OSt
005 - DATE AND TIME OF LATEST TRANSACTION
- control field: 20260506144834.0
008 - FIXED-LENGTH DATA ELEMENTS
- fixed length control field: 260506|| aca||aabn | a|a d
040 ## - CATALOGING SOURCE
- Original cataloging agency: OSt
- Transcribing agency: OSt
100 ## - HEADING--PERSONAL NAME
- Personal name: Na Khan
670 ## - SOURCE DATA FOUND
- Source citation: Work cat.: (OSt)1851047: Na Khan, Question Bank Of Biochemistry, 2015
